Southville International School and Colleges
Your cart is empty.
  • Cart
  • Lists
    Public lists Eva Luna New books Lux_list list_1
    Your lists Log in to create your own lists
  • Log in to your account
  • Your cookies
  • Search history
Southville International School and Colleges
  • Advanced search
  • Recent comments
  • Most popular
  • Libraries

Log in to your account

Log in with GOOGLE


If you do not have an external account, but do have a local account, you can still log in:

  1. Home
  2. MARC view: Problem-solving in organizations :
Normal view MARC view ISBD view

Problem-solving in organizations : (Record no. 1125)

[ view plain ]
MARC details
000 -LEADER
fixed length control field 01504cam a2200385 a 4500
001 - CONTROL NUMBER
control field 14828153
003 - CONTROL NUMBER IDENTIFIER
control field OSt
005 - DATE AND TIME OF LATEST TRANSACTION
control field 20140310181657.0
008 - FIXED-LENGTH DATA ELEMENTS--GENERAL INFORMATION
fixed length control field 070430s2007 enka b 001 0 eng d
010 ## - LIBRARY OF CONGRESS CONTROL NUMBER
LC control number 2007296788
015 ## - NATIONAL BIBLIOGRAPHY NUMBER
National bibliography number GBA678639
Source bnb
016 7# - NATIONAL BIBLIOGRAPHIC AGENCY CONTROL NUMBER
Record control number 013552606
Source Uk
020 ## - INTERNATIONAL STANDARD BOOK NUMBER
International Standard Book Number 0521869765 (hbk.)
020 ## - INTERNATIONAL STANDARD BOOK NUMBER
International Standard Book Number 9780521869768 (hbk.)
035 ## - SYSTEM CONTROL NUMBER
System control number (OCoLC)ocm71347597
035 ## - SYSTEM CONTROL NUMBER
System control number (OCoLC)71347597
040 ## - CATALOGING SOURCE
Original cataloging agency UKM
Transcribing agency UKM
Modifying agency BAKER
-- BWKUK
-- YDXCP
-- DLC
042 ## - AUTHENTICATION CODE
Authentication code lccopycat
050 00 - LIBRARY OF CONGRESS CALL NUMBER
Classification number HD 31
Item number .Ak313 2007
082 04 - DEWEY DECIMAL CLASSIFICATION NUMBER
Classification number IB 658.403
-- Ak3 2007
100 1# - MAIN ENTRY--PERSONAL NAME
Personal name Aken, Joan Ernst van.
245 10 - TITLE STATEMENT
Title Problem-solving in organizations :
Remainder of title a methodological handbook for business students /
Statement of responsibility, etc Joan Ernst van Aken, Hans Berends, Hans van der Bij.
260 ## - PUBLICATION, DISTRIBUTION, ETC. (IMPRINT)
Place of publication, distribution, etc Cambridge, UK ;
-- New York :
Name of publisher, distributor, etc Cambridge University Press,
Date of publication, distribution, etc 2007.
300 ## - PHYSICAL DESCRIPTION
Extent xiii, 183 p. :
Other physical details ill. ;
Dimensions 26 cm.
650 #0 - SUBJECT ADDED ENTRY--TOPICAL TERM
Topical term or geographic name as entry element Problem solving.
700 1# - ADDED ENTRY--PERSONAL NAME
Personal name Berends, Hans.
700 1# - ADDED ENTRY--PERSONAL NAME
Personal name Bij, Hans van der,
Dates associated with a name 1955-
856 42 - ELECTRONIC LOCATION AND ACCESS
Materials specified Publisher description
Uniform Resource Identifier <a href="http://www.loc.gov/catdir/enhancements/fy0713/2007296788-d.html">http://www.loc.gov/catdir/enhancements/fy0713/2007296788-d.html</a>
856 41 - ELECTRONIC LOCATION AND ACCESS
Materials specified Table of contents only
Uniform Resource Identifier <a href="http://www.loc.gov/catdir/enhancements/fy0713/2007296788-t.html">http://www.loc.gov/catdir/enhancements/fy0713/2007296788-t.html</a>
856 42 - ELECTRONIC LOCATION AND ACCESS
Materials specified Contributor biographical information
Uniform Resource Identifier <a href="http://www.loc.gov/catdir/enhancements/fy0724/2007296788-b.html">http://www.loc.gov/catdir/enhancements/fy0724/2007296788-b.html</a>
906 ## - LOCAL DATA ELEMENT F, LDF (RLIN)
a 7
b cbc
c copycat
d 2
e ncip
f 20
g y-gencatlg
942 ## - ADDED ENTRY ELEMENTS (KOHA)
Source of classification or shelving scheme Library of Congress Classification
Koha item type Books
Holdings
Withdrawn status Lost status Source of classification or shelving scheme Damaged status Home library Current library Shelving location Date acquired Total Checkouts Full call number Barcode Date last seen Copy number Price effective from Koha item type
    Library of Congress Classification   Luxembourg Library Luxembourg Library International Baccalaureate Section 04/17/2012   HD 31 .Ak313 2007 15804 08/13/2013 1 04/17/2012 Books

Problem-solving in organizations :

APA

Aken J. E. v., Berends H. & Bij H. v. d. (2007). Problem-solving in organizations. Cambridge, UK: Cambridge University Press.

Chicago

Aken Joan Ernst van, Berends Hans and Bij Hans van der. 2007. Problem-solving in organizations. Cambridge, UK: Cambridge University Press.

Harvard

Aken J. E. v., Berends H. and Bij H. v. d. (2007). Problem-solving in organizations. Cambridge, UK: Cambridge University Press.

MLA

Aken Joan Ernst van, Berends Hans and Bij Hans van der. Problem-solving in organizations. Cambridge, UK: Cambridge University Press. 2007.

  • Place hold
  • Print
  • Cite
  • Add to your cart (remove)
  • Save record
    BIBTEX Dublin Core MARCXML MARC (non-Unicode/MARC-8) MARC (Unicode/UTF-8) MARC (Unicode/UTF-8, Standard) MODS (XML) RIS
  • More searches
    Search for this title in:
    Other Libraries (WorldCat) Other Databases (Google Scholar) Online Stores (Bookfinder.com) Open Library (openlibrary.org)

Exporting to Dublin Core...

SOUTHVILLE LIBRARY

Southville International School and Colleges Library

1281 Tropical Ave. Cor. Luxembourg St., BF Homes International, Las Pinas City

Tel. No. 8256374 / 252358 Loc. 117/146

Powered by Koha